The Journalist's Handbook (Record no. 972)

MARC details
000 -LEADER
Fixed length control field 00446nam a2200169 4500
003 - CONTROL NUMBER IDENTIFIER
Control field SEACOMMC
005 - DATE AND TIME OF LATEST TRANSACTION
Control field 20250429155513.0
008 - FIXED-LENGTH DATA ELEMENTS--GENERAL INFORMATION
Fixed length control field 250104b |||||||| |||| 00| 0 eng d
020 ## - INTERNATIONAL STANDARD BOOK NUMBER / ISBN
International Standard Book Number 978-0-70699-026-3
Price Rs.165.00
040 ## - CATALOGING SOURCE
Original cataloging agency SEACOMMC
082 ## - DEWEY DECIMAL CLASSIFICATION NUMBER
Classification number 070.4
Book Number K 15
100 ## - MAIN ENTRY--PERSONAL NAME
Personal name Kamath, M.V
245 1# - TITLE STATEMENT
Title The Journalist's Handbook
Statement of responsibility M.V. Kamath
260 ## - IMPRINT
Place of publication New Delhi
Name of publisher Vikas Publishing House
Date of publication 2005
650 ## - SUBJECT ADDED ENTRY--TOPICAL TERM
Topical term News media
942 ## - ADDED ENTRY ELEMENTS (KOHA)
Koha item type Books
Holdings
Withdrawn status Lost status Source of classification Damaged status Not for loan Home library Current library Shelving location Date acquired Total Checkouts Call number Accession number Date last seen Price effective from Koha item type Copy number
    Dewey Decimal Classification     SEACOM MANAGEMENT COLLEGE SEACOM MANAGEMENT COLLEGE Reference 19/12/2007   070.4 K 15 M-1539 04/01/2025 04/01/2025 Books  
    Dewey Decimal Classification     SEACOM MANAGEMENT COLLEGE SEACOM MANAGEMENT COLLEGE   19/12/2007   070.4 K 15 M-1540 04/01/2025 04/01/2025 Books 1
    Dewey Decimal Classification     SEACOM MANAGEMENT COLLEGE SEACOM MANAGEMENT COLLEGE   19/12/2007   070.4 K 15 M-1541 04/01/2025 04/01/2025 Books 2
    Dewey Decimal Classification     SEACOM MANAGEMENT COLLEGE SEACOM MANAGEMENT COLLEGE   19/12/2007   070.4 K 15 M-1542 04/01/2025 04/01/2025 Books 3
    Dewey Decimal Classification     SEACOM MANAGEMENT COLLEGE SEACOM MANAGEMENT COLLEGE   19/12/2007   070.4 K 15 M-1543 04/01/2025 04/01/2025 Books 4
    Dewey Decimal Classification     SEACOM MANAGEMENT COLLEGE SEACOM MANAGEMENT COLLEGE   19/12/2007   070.4 K 15 M-1544 04/01/2025 04/01/2025 Books 5
    Dewey Decimal Classification     SEACOM MANAGEMENT COLLEGE SEACOM MANAGEMENT COLLEGE   19/12/2007   070.4 K 15 M-1545 04/01/2025 04/01/2025 Books 6
© Seacom Engineering College, All rights reserved.    Powered by Koha